Handbook of vehicle design analysis (Record no. 581310)

000 -LEADER
fixed length control field 00564nam a22001817a 4500
003 - CONTROL NUMBER IDENTIFIER
control field CEME
005 - DATE AND TIME OF LATEST TRANSACTION
control field 20210628205528.0
008 - FIXED-LENGTH DATA ELEMENTS--GENERAL INFORMATION
fixed length control field 210308b xxu||||| |||| 00| 0 eng d
020 ## - INTERNATIONAL STANDARD BOOK NUMBER
International Standard Book Number 1-56091-903-5
040 ## - CATALOGING SOURCE
Transcribing agency .
082 ## - DEWEY DECIMAL CLASSIFICATION NUMBER
Classification number 629.23 FEN'H
100 ## - MAIN ENTRY--PERSONAL NAME
Personal name Fenton, John
9 (RLIN) 12270
245 ## - TITLE STATEMENT
Title Handbook of vehicle design analysis
260 ## - PUBLICATION, DISTRIBUTION, ETC.
Place of publication, distribution, etc. USA
Name of publisher, distributor, etc. SAE
Date of publication, distribution, etc. 1999
300 ## - PHYSICAL DESCRIPTION
Extent 755P
650 ## - SUBJECT ADDED ENTRY--TOPICAL TERM
Topical term or geographic name entry element VEHICLE BODY CONSTRUCTION VEHICLE BODY FITTING AND CONTROL MILITARY VEHICLE DESIGN,428 ELECTRIC VEHICLES SOLAR VEHICLES,568 BRAKING SYSTEMS,684
9 (RLIN) 75898
942 ## - ADDED ENTRY ELEMENTS (KOHA)
Koha item type Book
Source of classification or shelving scheme
Holdings
Withdrawn status Lost status Damaged status Not for loan Permanent Location Current Location Shelving location Date acquired Total Checkouts Full call number Barcode Date last seen Price effective from Koha item type
        College of Electrical & Mechanical Engineering (CEME) College of Electrical & Mechanical Engineering (CEME) Reference 05/24/2017   629.23 FEN'H CEME-32144 06/28/2021 06/28/2021 Book
© 2023 Central Library, National University of Sciences and Technology. All Rights Reserved.